The secret secret passage / (Record no. 6026)

MARC details
000 -LEADER
fixed length control field 01047nam a22002897a 4500
001 - CONTROL NUMBER
control field 6026
003 - CONTROL NUMBER IDENTIFIER
control field FISKH
005 - DATE AND TIME OF LATEST TRANSACTION
control field 20250224092407.0
008 - FIXED-LENGTH DATA ELEMENTS--GENERAL INFORMATION
fixed length control field 250224b cb ||||| |||| 00| 0 eng d
020 ## - INTERNATIONAL STANDARD BOOK NUMBER
International Standard Book Number 9780590456319
040 ## - CATALOGING SOURCE
Original cataloging agency FISKH
Language of cataloging eng
Transcribing agency FISKH
Modifying agency FISKH
050 ## - LIBRARY OF CONGRESS CALL NUMBER
Classification number PZ7 .P
082 ## - DEWEY DECIMAL CLASSIFICATION NUMBER
Classification number 303
100 ## - MAIN ENTRY--PERSONAL NAME
Personal name Weiner, Eric
Dates associated with a name (1963-)
245 ## - TITLE STATEMENT
Title The secret secret passage /
Statement of responsibility, etc. Book created by A.E. Parker ; Written by Eric Weiner ; Based on characters from the Parker Brothers game ; A Creative Media Applications Production
250 ## - EDITION STATEMENT
Edition statement This edition first published in 1992
260 ## - PUBLICATION, DISTRIBUTION, ETC.
Place of publication, distribution, etc. New York :
Name of publisher, distributor, etc. Scholastic,
Date of publication, distribution, etc. 1992
300 ## - PHYSICAL DESCRIPTION
Extent 97 pages :
Dimensions 20 cm
505 ## - FORMATTED CONTENTS NOTE
Formatted contents note N<br/>
520 ## - SUMMARY, ETC.
Summary, etc. Includes mind-bending mini-mysteries to test your ability as a sleuth. Mr. Boddy has invited his six best friends to be guests at his mansion for a weekend.
521 8# - TARGET AUDIENCE NOTE
Target audience note 550<br/>
Source Lexile<br/>
521 8# - TARGET AUDIENCE NOTE
Target audience note N<br/>
Source Raz-Plus<br/>
650 ## - SUBJECT ADDED ENTRY--TOPICAL TERM
Source of heading or term Mystery
Topical term or geographic name entry element Clue
650 ## - SUBJECT ADDED ENTRY--TOPICAL TERM
Source of heading or term Basement-ya-books-box-3
Topical term or geographic name entry element Mystery Book Basket 4
942 ## - ADDED ENTRY ELEMENTS (KOHA)
Source of classification or shelving scheme Dewey Decimal Classification
Koha item type Books
Suppress in OPAC No
Holdings
Withdrawn status Lost status Source of classification or shelving scheme Damaged status Not for loan Collection Home library Current library Shelving location Date acquired Total Checkouts Full call number Barcode Date last seen Copy number Price effective from Koha item type
    Dewey Decimal Classification     Juvenile Fiction Footprints International School Library Network Toul Kork Campus Footprints International School Library Network Toul Kork Campus TTP Primary Yellow Bookshelves 02/24/2025   WEI 303 PZ7 .P 2025-0677 02/24/2025 1 02/24/2025 Books